000 01294nab a2200217 i 4500
001 768714001
003 CO-MdFUSB
005 20240506121431.0
008 240503t1966 sp ||||| |||| 00| 00spa d
040 _bspa
_cCO-MdFUSB
_dCO-MdFUSB
041 _aspa
100 _aDuquoc, Christian,
_eautor
245 _aTeología y espiritualidad
_c/ Christian Duquoc
520 _aPara aquellos que no están familiarizados con la profesión de teólogo, contemplar la meditación de la fe como objeto de pensamiento en la Palabra de Dios se considera a menudo como la forma real de localizar a Dios. Se afirma que el erudito religioso no se da cuenta de la dificultad que encuentran sus pares al integrar las actividades seculares y teológicas. Para él, la profesión de teología es tan compatible con la fe que el teólogo no siente que la dualidad, que la mayoría de los creyentes no pueden superar, afecte su existencia.
650 7 _aHombres
_xVida religiosa
_97150
650 0 _aHombres (Teología cristiana)
_91269
653 _aEspiritualidad
773 0 _049450
_982577
_oR2509
_tRevista internacional de teología Concilium
_w(CO-MdFUSB)8
_x0210-1041
_gNúmero 19, (noviembre, 1965), páginas: 269 - 280
_qpágina: 269
942 _cANA
945 _aCatherine Arias Álvarez practicante SENA
999 _c69512
_d69512